Los Movimientos sociales del Cono Sur contra el mal llamado "libre comercio " /
محفوظ في:
| المؤلف الرئيسي: | |
|---|---|
| مؤلفون آخرون: | |
| التنسيق: | نص |
| الوسوم: |
إضافة وسم
لا توجد وسوم, كن أول من يضع وسما على هذه التسجيلة!
|
MARC
| LEADER | 00000 a a2200000 04500 | ||
|---|---|---|---|
| 001 | 11016 | ||
| 003 | |||
| 040 | |||
| 100 | |a Berrón, Gonzalo | ||
| 245 | |a Los Movimientos sociales del Cono Sur contra el mal llamado "libre comercio " / |c Gonzalo Berrón ; Rafael Freire | ||
| 700 | |a Freire, Rafael | ||
| 773 | |g volumen 5, número 13; páginas 297-306 | ||
| 999 | |c 32267 |d 32267 | ||
